000 00958cab a2200277 4500
001 ABS48113
008 090401t1993 xxu||||| |||| 00| 0 eng d
035 _a(Sirsi) u65065
041 _aeng
100 _aGould, S.
245 _aWestminster`s new model design policy
260 _c1993
350 _a0
490 _aPlanning in London
_v(5) March 1993, 8-10(3)
520 _aReviews Westminster`s policy of `design control`, ensuring a balance between creative architecture and aesthetic appropriateness of new buildings to the geographical and historical character of the area. Draws parallels with planning theories in America.
650 _aAESTHETIC CONTROL
650 _aINFILL DEVELOPMENT
650 _aLONDON
650 _aPLANNING CONTROL
650 _aPLANNING POLICY
650 _aUNITARY DEVELOPMENT PLANS
650 _aWESTMINSTER DESIGN POLICY
690 _aPLANNING LAW AND PRACTICE
942 _n0
948 _c04/03/1997
999 _c40553
_d40553